Countries of South East Asia Map Quiz - Statistics

General Stats
  • This quiz has been taken 95 times
  • The average score is 10 of 11
Answers on the Map
Answers color-coded by a green-red scale on the quiz's map according to % correct below.
 
Answer Stats
Answer % Correct
Vietnam
96%
Indonesia
94%
Laos
94%
Thailand
94%
Philippines
90%
Cambodia
89%
Malaysia
89%
Myanmar
85%
Singapore
80%
Brunei
70%
Timor-Leste
69%
No matching quizzes found
Score Distribution
Percent of People with Each Score
Percentile by Number Answered
Your Score History
You have not taken this quiz